000 00465nam a22001577a 4500
003 OSt
005 20221012192631.0
008 221012b |||||||| |||| 00| 0 eng d
040 _cBiblioteca Lado V
082 _a700.74
_bX8i
100 _9161
_aXu, Jiang
245 _a24th International Biennial of Sao Paulo/
260 _aSao Paulo, Brasil
_bFundación Bienal Sao Paulo
_c1998
300 _a28p.
_c29x28cm
942 _2ddc
_c1
_h700.74
_iX8i
_n0
999 _c2283
_d2283